| 000 | 01391cam a2200397 i 4500 | ||
|---|---|---|---|
| 001 | 193250 | ||
| 003 | SpMaBN | ||
| 005 | 20240825181059.0 | ||
| 007 | ta | ||
| 008 | 080417s2008 sp o | |||| 000 p spa | ||
| 017 |
_aM 14710-2008 _bOficina Depósito Legal Madrid |
||
| 020 | _a9788496464865 | ||
| 035 | _a(OCoLC)237177759 | ||
| 035 | _aFF3356758 | ||
| 040 |
_aSpMaBN _bspa _cSpMaBN _erdc |
||
| 080 | _a821.134.2-14"19" | ||
| 100 | 1 |
_aNistal, Gloria _0XX1740682 _eaut _9234310 |
|
| 245 | 1 | 0 |
_aDesde el trópico / _cGloria Nistal ; prólogo de Emilio Ruiz Barrachina |
| 250 | _aPrimera edición: 2008 | ||
| 260 |
_aMadrid : _bSial, _c2008 |
||
| 300 |
_a169 páginas : _bilustraciones (color); _c21 cm |
||
| 336 |
_2rdacontent _aTexto |
||
| 337 |
_2rdamedia _asin mediación |
||
| 338 |
_2rdacarrier _avolumen |
||
| 490 | 1 |
_aFugger poesía ; _x39 |
|
| 500 | _aÍndice | ||
| 655 | 7 |
_aPoesías _2tgfbne _9176539 |
|
| 700 | 1 |
_9234380 _aRuiz Barrachina, Emilio, _d1963- _eaui |
|
| 830 |
_9185381 _aFugger poesía |
||
| 852 |
_aES-MaACL _b154647 _cDEPOJ _9200680 _hDonación: Gloria Nistal _jN-9418 _xEncuadernación rústica con solapas |
||
| 903 |
_aNistal, Gloria _ednr _9234310 |
||
| 942 |
_n0 _cMONOGRAFIA |
||
| 999 |
_c193250 _d193250 |
||